Najwyżsi ludzie w Europie - dla GeoMexa - Statystyki

Ogólne statystyki
  • Ten quiz został rozwiązany 144 razy
  • Średni wynik to 7 z 10
Statystyki odpowiedzi
numery Odpowiedzi % Poprawnych
1 Holandia
95%
6 Niemcy
90%
4 Norwegia
83%
3 Dania
77%
7 Czechy
72%
5 Serbia
66%
10 Luksemburg
64%
8 Chorwacja
63%
9 Słowenia
62%
2 Czarnogóra
53%
Nie znaleziono quizów pasujących do podanych kryteriów
Rozkład punktacji
Procent ludzi z każdym wynikiem
Percentyl według liczby udzielonych odpowiedzi
Twoja historia wyników
Nie rozwiązałeś tego quizu